000 00358nam a2200145Ia 4500
008 230711s9999||||xx |||||||||||||| ||und||
041 _aENG
082 _a720
_bTA-H
100 _aTadgell,Christopher
245 0 _aHistory of Architecture in India
250 _a1st . Ed.
260 _c1994
_aNew Delhi
_bPhaidon Press
650 _aArchitecture
942 _cBK
999 _c3940
_d3940